Vista normal
Vista MARC
Entrada Personal Name
Número de registros utilizados en: 2
001 - CONTROL NUMBER
- control field: 1452
003 - CONTROL NUMBER IDENTIFIER
- control field: OSt
005 - DATE AND TIME OF LATEST TRANSACTION
- control field: 20200311172219.0
008 - FIXED-LENGTH DATA ELEMENTS
- fixed length control field: 200311|| aca||aabn | a|a d
040 ## - CATALOGING SOURCE
- Original cataloging agency: OSt
- Transcribing agency: OSt
100 ## - HEADING--PERSONAL NAME
- Personal name: Correa, María Mercedes,
670 ## - SOURCE DATA FOUND
- Source citation: Work cat.: (OSt)3491: Ure, Jean, autor 1450, Me dicen Sara Tomate /, 2016